[Event "MVP-ch Seniors op 19th"]
[Site "Ostseebad Binz"]
[Date "2019.11.30"]
[Round "4"]
[White "Schwarzwald, Holger"]
[Black "Howe, Dietrich"]
[Result "1-0"]
[WhiteElo "1616"]
[BlackElo "1465"]
[PlyCount "39"]
[EventDate "2019.11.27"]
[EventType "swiss"]
[EventRounds "9"]
[EventCountry "GER"]
[SourceTitle "EXT 2021"]
[Source "ChessBase"]
[SourceDate "2020.10.23"]
[SourceVersion "1"]
[SourceVersionDate "2020.10.23"]
[SourceQuality "1"]

1. f4 e5 2. fxe5 d6 3. exd6 Bxd6 4. Nf3 g5 5. d4 g4 6. Ne5 Qf6 7. g3 Bxe5 8. dxe5 Qxe5 9. Nc3 Nc6 10. Bg2 Nd4 11. Bf4 Qh5 12. Qxd4 Qg6 13. 0-0-0 Bf5 14. Be4 Nf6 15. Qe5+ Kf8 16. Bxf5 Qg8 17. Qc5+ Kg7 18. Be5 h5 19. Bxf6+ Kxf6 20. Qd4+ 1-0

[Event "MVP-ch Seniors op 18th"]
[Site "Ostseebad Binz"]
[Date "2018.12.02"]
[Round "5"]
[White "Schwarzwald, Holger"]
[Black "Freerksen, Uwe"]
[Result "1/2-1/2"]
[WhiteElo "1618"]
[BlackElo "1487"]
[PlyCount "147"]
[EventDate "2018.11.28"]
[EventType "swiss"]
[EventRounds "9"]
[EventCountry "GER"]
[SourceTitle "CBM 188 Extra"]
[Source "ChessBase"]
[SourceDate "2019.02.28"]
[SourceVersion "1"]
[SourceVersionDate "2019.02.28"]
[SourceQuality "1"]

1. f4 d6 2. Nf3 Nd7 3. e3 Ngf6 4. b3 e6 5. Bb2 b6 6. Nc3 Bb7 7. d3 Be7 8. Qd2 a6 9. e4 e5 10. fxe5 dxe5 11. Ne2 Bd6 12. Qg5 0-0 13. Nxe5 h6 14. Qf5 Nxe5 15. Bxe5 Bc8 16. Bxf6 Bxf5 17. Bxd8 Bxe4 18. Bh4 Bc6 19. 0-0-0 Rae8 20. h3 f5 21. Nd4 Bb7 22. Bf2 g5 23. Bg1 Kg7 24. Bh2 f4 25. Nf3 Kg6 26. d4 Bxf3 27. gxf3 Re3 28. Bd3+ Kf6 29. Be4 Ba3+ 30. Kb1 Bb4 31. Bg1 Re1 32. Rxe1 Bxe1 33. Kb2 Ba5 34. c3 b5 35. d5 Bb6 36. Bxb6 cxb6 37. b4 Ke5 38. Kb3 a5 39. a4 bxa4+ 40. Kxa4 Rc8 41. bxa5 bxa5 42. Rc1 Rc5 43. c4 h5 44. Bg6 h4 45. Kb3 Rc8 46. Re1+ Kd4 47. Re4+ Kc5 48. Be8 g4 49. fxg4 f3 50. Rf4 Rxe8 51. Rxf3 Rb8+ 52. Ka4 Kxc4 53. Rf5 Kc5 54. d6+ Kxd6 55. Rxa5 Ke6 56. Rh5 Kf6 57. Rxh4 Kg6 58. Rh5 Re8 59. Kb5 Rc8 60. Rc5 Rh8 61. Rc3 Kf6 62. Kc5 Ke5 63. g5 Kf4 64. g6 Rg8 65. Rc4+ Kf5 66. Kd4 Rxg6 67. Rc5+ Kf6 68. Rh5 Kg7 69. Ke5 Rh6 70. Rxh6 Kxh6 71. Kf4 Kh7 72. Kg5 Kg7 73. h4 Kh7 74. h5 1/2-1/2

[Event "MVP-ch Seniors op 15th"]
[Site "Binz"]
[Date "2015.12.02"]
[Round "9.46"]
[White "Schwarzwald, Holger"]
[Black "Rollwitz, Juergen"]
[Result "1/2-1/2"]
[WhiteElo "1624"]
[BlackElo "1799"]
[PlyCount "43"]
[EventDate "2015.11.24"]
[EventType "swiss"]
[EventRounds "9"]
[EventCountry "GER"]
[SourceTitle "EXT 2017"]
[Source "ChessBase"]
[SourceDate "2016.10.25"]
[SourceVersion "1"]
[SourceVersionDate "2016.10.25"]
[SourceQuality "1"]

1. f4 e5 2. d3 d6 3. Nf3 Nc6 4. Nc3 Nf6 5. e4 Be7 6. Be2 Bg4 7. 0-0 Bxf3 8. Rxf3 Nd4 9. Rg3 Nxe2+ 10. Qxe2 g6 11. fxe5 dxe5 12. Be3 Nh5 13. Rf3 c6 14. Raf1 0-0 15. Bh6 Ng7 16. Kh1 Bg5 17. Bxg7 Kxg7 18. Nd1 Qe7 19. Nf2 Qe6 20. b3 Be7 21. Qd2 h6 22. Qxh6+ 1/2-1/2

[Event "MVP-ch Seniors op 14th"]
[Site "Binz"]
[Date "2014.11.30"]
[Round "6"]
[White "Schwarzwald, Holger"]
[Black "Micheel, Peter"]
[Result "0-1"]
[WhiteElo "1515"]
[BlackElo "1705"]
[PlyCount "56"]
[EventDate "2014.11.25"]
[EventType "swiss"]
[EventRounds "9"]
[EventCountry "GER"]
[SourceTitle "EXT 2016"]
[Source "ChessBase"]
[SourceDate "2015.10.08"]
[SourceVersion "1"]
[SourceVersionDate "2015.10.08"]
[SourceQuality "1"]

1. f4 d5 2. Nf3 Nf6 3. e3 c5 4. b3 g6 5. Bb2 Bg7 6. Bb5+ Bd7 7. Bxd7+ Qxd7 8. 0-0 0-0 9. Ne5 Qd6 10. d4 cxd4 11. exd4 Qb6 12. Nc3 e6 13. Qd3 Nfd7 14. Na4 Qc7 15. Rac1 Nxe5 16. fxe5 Bh6 17. Rcd1 Nd7 18. Ba3 Rfe8 19. c3 Bf8 20. Bc1 Rac8 21. Rf3 a6 22. Nb2 b5 23. Rdf1 Qb6 24. Kh1 Rc7 25. Rh3 Bg7 26. Qg3 b4 27. Na4 Qb5 28. Bg5 Qxf1# 0-1

[Event "MVP-ch Seniors op 14th"]
[Site "Binz"]
[Date "2014.11.28"]
[Round "4"]
[White "Schwarzwald, Holger"]
[Black "Menkhaus, Wolf Dieter"]
[Result "1/2-1/2"]
[WhiteElo "1515"]
[BlackElo "1840"]
[PlyCount "49"]
[EventDate "2014.11.25"]
[EventType "swiss"]
[EventRounds "9"]
[EventCountry "GER"]
[SourceTitle "EXT 2016"]
[Source "ChessBase"]
[SourceDate "2015.10.08"]
[SourceVersion "1"]
[SourceVersionDate "2015.10.08"]
[SourceQuality "1"]

1. f4 d5 2. Nf3 c5 3. e3 Nf6 4. b3 e6 5. Bb2 a6 6. Be2 Nc6 7. 0-0 Bd6 8. d3 0-0 9. Ne5 Bc7 10. Nd2 Nxe5 11. fxe5 Nd7 12. d4 f5 13. Rf3 b5 14. c3 Bb6 15. Kh1 Nb8 16. Rh3 Nc6 17. Qe1 Ra7 18. Nf3 Bd7 19. Qg3 Bc8 20. Rf1 g6 21. Bc1 f4 22. Qg4 Rg7 23. exf4 cxd4 24. cxd4 Nxd4 25. Nxd4 1/2-1/2

[Event "MVP-ch Seniors op 13th"]
[Site "Binz"]
[Date "2013.11.28"]
[Round "2"]
[White "Micheel, Peter"]
[Black "Schwarzwald, Holger"]
[Result "1-0"]
[WhiteElo "1679"]
[BlackElo "1468"]
[PlyCount "43"]
[EventDate "2013.11.27"]
[EventType "swiss"]
[EventRounds "9"]
[EventCountry "GER"]
[SourceTitle "EXT 2015"]
[Source "ChessBase"]
[SourceDate "2014.11.20"]
[SourceVersion "1"]
[SourceVersionDate "2014.11.20"]
[SourceQuality "1"]

1. e4 b6 2. d4 Bb7 3. Nc3 e6 4. Nf3 Bb4 5. Bd3 Nf6 6. Qe2 0-0 7. 0-0 Bxc3 8. bxc3 h6 9. e5 Nh7 10. Re1 d6 11. Ba3 Re8 12. Rab1 dxe5 13. Nxe5 Nf6 14. Nf3 Nbd7 15. c4 Nf8 16. c3 Rb8 17. Ne5 N6h7 18. Qh5 Qf6 19. Re3 Red8 20. Rg3 Nd7 21. Ng4 Qg5 22. Nxh6+ 1-0

[Event "Niedersachsen-ch Seniors op 14th"]
[Site "Bad Bevensen"]
[Date "2011.07.07"]
[Round "3"]
[White "Schwarzwald, Holger"]
[Black "Farin, Friedrich"]
[Result "1-0"]
[WhiteElo "1495"]
[BlackElo "1250"]
[PlyCount "69"]
[EventDate "2011.07.05"]
[EventType "swiss"]
[EventRounds "9"]
[EventCountry "GER"]
[SourceTitle "EXT 2012"]
[Source "ChessBase"]
[SourceDate "2011.11.24"]
[SourceVersion "1"]
[SourceVersionDate "2011.11.24"]
[SourceQuality "1"]

1. f4 Nf6 2. Nf3 g6 3. b3 Bg7 4. Bb2 0-0 5. Qc1 c5 6. e3 a6 7. Be2 Nc6 8. 0-0 d6 9. d3 Qc7 10. Nc3 b5 11. Ne4 e5 12. Nfd2 Bg4 13. Nxf6+ Bxf6 14. Bxg4 h5 15. Bf3 Rad8 16. Ne4 Be7 17. Qe1 d5 18. Ng3 h4 19. Ne2 f5 20. fxe5 Nxe5 21. Nf4 Nxf3+ 22. Rxf3 Rd6 23. Be5 Qc6 24. Bxd6 Qxd6 25. Qf2 g5 26. Ne2 Bf6 27. Rf1 f4 28. exf4 g4 29. Re3 d4 30. Re4 Kh8 31. f5 g3 32. hxg3 hxg3 33. Qxg3 Qd8 34. Kf2 Rg8 35. Rh1+ 1-0